Logo BPK

Bibliografia Prac Pracowników

Politechniki Koszalińskiej

Teoretyczne i doświadczalne podstawy kształtowania ściernego ostrzy technicznych / (Rekord nr 2000)

Szczegóły MARC
000 -ETYKIETA REKORDU
podpole kontrolne o stałej długości 02115nam a2200289 i 4500
001 - NUMER KONTROLNY REKORDU
podpole kontrolne BPP
003 - IDENTYFIKATOR NUMERU KONTROLNEGO REKORDU
podpole kontrolne BPK
005 - DATA OSTATNIEJ MODYFIKACJI REKORDU
podpole kontrolne 20190606151712.0
008 - POLE O STAŁEJ DŁUGOŚCI - DANE KONTROLNE
podpole kontrolne o stałej długości 140709s1988 pl f |000 0 pol
040 ## - ŹRÓDŁO KATALOGOWANIA
Instytucja, która utworzyła rekord BPK
080 ## - UNIWERSALNA KLASYFIKACJA DZIESIĘTNA - UKD
UKD 621.9
100 ## - NAZWA OSOBOWA
Nazwa osobowa KARPIŃSKI, Tadeusz.
Lata pracy 1970 - 1996.
Instytucja Wyższa Szkoła Inżynierska w Koszalinie - Wydział Mechaniczny,
Wydział Zakład Technologii Maszyn
245 ## - TYTUŁ/ODPOWIEDZIALNOŚĆ
Tytuł Teoretyczne i doświadczalne podstawy kształtowania ściernego ostrzy technicznych /
Pozostałe elementy strefy tytułu i oznaczenia odpowiedzialności Tadeusz Karpiński, Stanisław Socha, Bronisław Słowiński, Michał Kozłowski, Jarosław Plichta, Jerzy Giedrys, Aleksander Krusze, Piotr Kochaniewicz.
260 ## - STREFA ADRESU WYDAWNICZEGO
Miejsce wydania Koszalin,
Data publikacji, dystrybucji/powstania dokumentu 1988.
500 ## - UWAGI OGÓLNE
Tekst uwagi Dane z autopsji.
520 ## - UWAGA DOTYCZĄCA TREŚCI DOKUMENTU
Analiza dokumentacyjna, adnotacja itp. Celem badań jest uściślenie podstaw teoretycznych stateczności ostrz, zwłaszcza w odniesieniu do mechanizmów odkształcenia krawędzi ostrza, pełne sprecyzowanie metodyki badań oraz skonstruowanie i zbudowanie urządzenia do pomiarów stateczności ostrza.
650 #0 - HASŁO PRZEDMIOTOWE W FORMIE NAZWY OGÓLNEJ LUB JEDNOSTKOWEJ
Nazwa ogólna lub geograficzna Ostrza skrawające.
650 #0 - HASŁO PRZEDMIOTOWE W FORMIE NAZWY OGÓLNEJ LUB JEDNOSTKOWEJ
Nazwa ogólna lub geograficzna Szlifowanie
700 ## - HASŁO DODATKOWE - NAZWA OSOBOWA
Nazwa osobowa KOZŁOWSKI, Michał.
Lata pracy 1971 - 1996.
Instytucja Wyższa Szkoła Inżynierska w Koszalinie - Wydział Mechaniczny,
Wydział Zakład Technologii Maszyn
700 ## - HASŁO DODATKOWE - NAZWA OSOBOWA
Nazwa osobowa KRUSZE, Aleksander.
Lata pracy 1971 - 1996.
Instytucja Wyższa Szkoła Inżynierska w Koszalinie - Wydział Mechaniczny,
Wydział Zespół Laboratoriów
700 ## - HASŁO DODATKOWE - NAZWA OSOBOWA
Nazwa osobowa KOCHANIEWICZ, Piotr.
Lata pracy 1988 - 1996.
Instytucja Wyższa Szkoła Inżynierska w Koszalinie - Wydział Mechaniczny,
Wydział Zakład Technologii Maszyn
700 ## - HASŁO DODATKOWE - NAZWA OSOBOWA
Nazwa osobowa GIEDRYS, Jerzy.
Lata pracy 1983 - 1989.
Instytucja Wyższa Szkoła Inżynierska w Koszalinie - Wydział Mechaniczny,
Wydział Zakład Technologii Maszyn
700 ## - HASŁO DODATKOWE - NAZWA OSOBOWA
Nazwa osobowa SŁOWIŃSKI, Bronisław.
Lata pracy 1972 - 1996.
Instytucja Wyższa Szkoła Inżynierska w Koszalinie - Wydział Mechaniczny,
Wydział Zakład Technologii Maszyn
700 ## - HASŁO DODATKOWE - NAZWA OSOBOWA
Nazwa osobowa SOCHA, Stanisław.
Lata pracy 1973 - 1996.
Instytucja Wyższa Szkoła Inżynierska w Koszalinie - Wydział Mechaniczny,
Wydział Zakład Technologii Maszyn
700 ## - HASŁO DODATKOWE - NAZWA OSOBOWA
Nazwa osobowa PLICHTA, Jarosław.
Lata pracy 1973 - 1996.
Instytucja Wyższa Szkoła Inżynierska w Koszalinie - Wydział Mechaniczny,
Wydział Zakład Technologii Maszyn
942 ## - HASŁO DODATKOWE - ELEMENTY(KOHA)
Typ dokumentu Materiały nieopublikowane
Schemat klasyfikacji Uniwersalna klasyfikacja dziesiętna
Egzemplarze
Wycofany Zagubiony Uszkodzony Dostępność Lokalizacja stała Lokalizacja bieżąca Sygnatura Typ dokumentu
      Dostępny Bibliografia Prac Pracowników - BPK Bibliografia Prac Pracowników - BPK NB-206/III Materiały nieopublikowane
© 2014 Biblioteka Politechniki Koszalińskiej :: BIBLIOGRAFIA PRAC PRACOWNIKÓW